V. N. Shukla`s Constitution of India 13th Ed. (Record no. 18853)
[ view plain ]
| 000 -LEADER | |
|---|---|
| fixed length control field | 00408nam a2200157Ia 4500 |
| 008 - FIXED-LENGTH DATA ELEMENTS--GENERAL INFORMATION | |
| fixed length control field | 221030s9999 xx 000 0 und d |
| 020 ## - INTERNATIONAL STANDARD BOOK NUMBER | |
| ISBN | 9789390715879 |
| 041 ## - LANGUAGE CODE | |
| Language code of text/sound track or separate title | |
| 100 ## - MAIN ENTRY--AUTHOR NAME | |
| Personal name | M.P. Singh |
| 245 #0 - TITLE STATEMENT | |
| Title | V. N. Shukla`s Constitution of India 13th Ed. |
| Statement of responsibility, etc | by M.P. Singh |
| 250 ## - EDITION STATEMENT | |
| Edition statement | 13th |
| 260 ## - PUBLICATION, DISTRIBUTION, ETC. (IMPRINT) | |
| Name of publisher | Eastern Book Company |
| Place of publication | Lucknow |
| Year of publication | 2022 |
| 300 ## - PHYSICAL DESCRIPTION | |
| Number of Pages | 1254 |
| 650 ## - SUBJECT ADDED ENTRY--TOPICAL TERM | |
| Topical Term | Constitution |
| 942 ## - ADDED ENTRY ELEMENTS (KOHA) | |
| Koha item type | Books |
| Accession Number | Cost, normal purchase price | Bill Date | Source of acquisition | Price effective from | Koha item type | Withdrawn / writtenoff status | Materials specified (bound volume or other part) | Damaged status | Not for loan | Permanent Location | Current Location | Shelving location | Date acquired | Lost/ Missing status | department |
|---|---|---|---|---|---|---|---|---|---|---|---|---|---|---|---|
| LLB 101 | 1225.00 | 14 | RKB | 10/30/2022 | Books | Not For Loan | MIET Library, Jammu | MIET Library, Jammu | BL-, FL-, CUP-180, SH-3, R-3 | 04/30/2022 | BBA LLB | ||||
| LLB 102 | 1225.00 | 14 | RKB | 10/30/2022 | Books | MIET Library, Jammu | MIET Library, Jammu | BL-, FL-, CUP-179, SH-4, R-4 | 04/30/2022 | BBA LLB | |||||
| LLB 103 | 1225.00 | 14 | RKB | 10/30/2022 | Books | MIET Library, Jammu | MIET Library, Jammu | BL-, FL-, CUP-179, SH-4, R-4 | 04/30/2022 | BBA LLB | |||||
| LLB 104 | 1225.00 | 14 | RKB | 10/30/2022 | Books | MIET Library, Jammu | MIET Library, Jammu | BL-, FL-, CUP-179, SH-4, R-4 | 04/30/2022 | BBA LLB | |||||
| LLB 105 | 1254.00 | 14 | RKB | 10/30/2022 | Books | MIET Library, Jammu | MIET Library, Jammu | BL-, FL-, CUP-179, SH-4, R-4 | 04/30/2022 | BBA LLB | |||||
| LLB 106 | 1225.00 | 14 | RKB | 10/30/2022 | Books | MIET Library, Jammu | MIET Library, Jammu | BL-, FL-, CUP-179, SH-4, R-4 | 04/30/2022 | BBA LLB |